Statistics for Hardest College Majors

Click here to take the quiz!

General Stats

  • This quiz has been taken 103 times
  • The average score is 7 of 56

Answer Stats

Dropout RateMajor% Correct
51%Biology (General)
80%
52%Chemistry (General)
79%
67%Physics (General)
74%
55%Engineering (General)
72%
66%Chemical Engineering
40%
53%Mechanical Engineering
38%
52%Civil Engineering
36%
60%Electrical Engineering
35%
61%Accounting
31%
90%Architecture
21%
63%Computer Engineering
21%
63%Finance
21%
72%Aerospace Engineering
17%
88%Nuclear Engineering
13%
66%Aeronautical Engineering
10%
51%Environmental Engineering
10%
51%Arabic
9%
65%Molecular Biology
9%
74%Nuclear Physics
9%
84%Petroleum Engineering
9%
61%Software Engineering
8%
97%Hermeneutics
7%
59%Basque
6%
59%Archaeology
3%
57%Astrology
3%
58%Chemical Biology
3%
60%Ethics of Asbestos
3%
61%Genetics
3%
71%Metaphysics
3%
54%Culinary Ethics
2%
51%Emotional Support
2%
53%Islamic Epidemic
2%
67%Islamic Relations
2%
56%Mining Engineering
2%
81%Molecular Engineering
2%
52%Pedophilic Psychology
2%
73%Arabic Computer Decoding
1%
69%Arabic Philosophy
1%
60%Arabic Political Science
1%
64%Arabic Psychology
1%
52%Business Intelligence
1%
51%Disability Marketing
1%
56%Interdisciplinary Engineering
1%
77%Molecular Physics
1%
80%Vlentarianism Eugenics
1%
54%Addiction Philosophy
0%
55%Ancient Islamic Bioethics
0%
62%Arabic Data Mining
0%
76%Bio-geographical Philosophy
0%
56%Carcinogenics
0%
66%Corrosion Engineering
0%
56%Hygiene Philosophy
0%
52%Islamic Global Policy
0%
66%Islamic Pandemical Philosophy
0%
64%Public Transportation Philosophy
0%
54%Systems Engineering
0%

Score Distribution

Percentile by Number Answered

Percent of People with Each Score

Your Score History

You have not taken this quiz